Statistiche per I 12 Apostoli

Clicka qui per fare il quiz!

Statistiche generali

  • Questo quiz è stato fatto 6 volte
  • Il punteggio medio è 8 su 12

Statistiche sulle risposte

SepolturaAttributiApostolo% Corretto
Roma insieme a Simone lo Zelota nella basilica di San Pietro - secondo altri a LancianoLanciaGiuda Taddeo
100%
Salerno, cattedraleLibro, angelo, alabardaMatteo
100%
Roma, nella basilica di San PietroChiavi, tonsura, capelli crespi e bianchi, barba bianca e corta, gallo, croce capovolta, talvolta vestito da papa. La veste, soprattutto nel medioevo, è solitamente gialla.Pietro
100%
EfesoLibro, aquila, calice con serpenti; può avere sia aspetto giovanile e imberbe (come apostolo vicino a Gesù) o vecchio e con la barba bianca (come evangelista). La veste, soprattutto nel medioevo, è solitamente rossa o rosa.Giovanni
83%
Chennai (India), poi Ortona, nella cattedrale di San Tommaso ApostoloSquadra, lancia, cintura di MariaTommaso
83%
Roma insieme a Giuda Taddeo nella basilica di San Pietro - secondo altri a LancianoSegaSimone il Cananeo
67%
Patrasso (basilica di Sant'Andrea), reliquie ad Amalfi e a PienzaCroce di Sant'Andrea o croce normale; barba lunga e bianca; talvolta è con la rete e i pesci; la veste è spesso verde.Andrea
50%
Santiago di CompostelaCappello e bastone da pellegrino, capasanta, bisaccia; talvolta il libro e la spada; può apparire a cavallo mentre uccide un saraceno ("matamoros").Giacomo il Maggiore
50%
Roma insieme a Filippo nella basilica dei XII Apostoli o Gerusalemme nella cattedrale di San Giacomo[BastoneGiacomo il Minore
50%
Benevento, basilica di San Bartolomeo ApostoloColtello, a volte con la propria pelle sul braccio; in Spagna è spesso col demonio incatenatoBartolomeo
33%
HierapolisCroce; talvolta il dragoFilippo
33%
Padova, nella basilica di Santa Giustina, vicino all'evangelista LucaSpada o accettaMattia
0%

Distribuzione punteggi

Percentile per numero di risposta

Percentuale di utenti per punteggio

I tuoi punteggi nel tempo

Non hai fatto questo quiz